000
00330 a2200157 4500
001
195001
020
_a
978-85-16-11464-0
040
_c
Magnum
100
_a
Carrasco, Walcyr
240
1
0
_a
Estrelas tortas
_l
por
245
1
0
_a
Estrelas tortas
300
_a
100
362
0
_a
2018
697
_a
LITERATURA JUVENIL
942
_c
BK
999
_c
195001
_d
195001